|
|
|
|
| LEADER |
00000nla2a2200000 4500 |
| 001 |
223438 |
| 005 |
20231218163735.0 |
| 035 |
|
|
|a (RuTPU)RU\TPU\book\243688
|
| 035 |
|
|
|a RU\TPU\book\243673
|
| 090 |
|
|
|a 223438
|
| 100 |
|
|
|a 20121011d2011 k y0rusy50 ca
|
| 101 |
0 |
|
|a rus
|
| 102 |
|
|
|a RU
|
| 105 |
|
|
|a y z 101zy
|
| 135 |
|
|
|a drnn ---uucaa
|
| 181 |
|
0 |
|a i
|
| 182 |
|
0 |
|a b
|
| 200 |
1 |
|
|a Проблема конверсии исследовательских реакторов
|f Д. А. Иксанов, А. Г. Наймушин
|
| 203 |
|
|
|a Текст
|c электронный
|
| 215 |
|
|
|a 1 файл (259 Кб)
|
| 300 |
|
|
|a Заглавие с титульного листа
|
| 300 |
|
|
|a Электронная версия печатной публикации
|
| 337 |
|
|
|a Adobe Reader
|
| 463 |
|
1 |
|0 (RuTPU)RU\TPU\book\241205
|t Энергетика: эффективность, надёжность, безопасность
|o материалы XVII Всероссийской научно-технической конференции, Томск, 7-9 декабря 2011 г.
|f Национальный исследовательский Томский политехнический университет (ТПУ)
|v [С. 161-162]
|d 2011
|
| 610 |
1 |
|
|a исследовательские реакторы
|
| 610 |
1 |
|
|a конверсия
|
| 610 |
1 |
|
|a топливо
|
| 610 |
1 |
|
|a дисперсионное топливо
|
| 610 |
1 |
|
|a диоксид урана
|
| 610 |
1 |
|
|a электронный ресурс
|
| 610 |
1 |
|
|a труды учёных ТПУ
|
| 700 |
|
1 |
|a Иксанов
|b Д. А.
|
| 701 |
|
1 |
|a Наймушин
|b А. Г.
|c специалист в области ядерных технологий
|c ассистент Томского политехнического университета
|f 1986-
|g Артем Георгиевич
|3 (RuTPU)RU\TPU\pers\26460
|9 12163
|
| 801 |
|
1 |
|a RU
|b 63413507
|c 20120926
|
| 801 |
|
2 |
|a RU
|b 63413507
|c 20131021
|g RCR
|
| 856 |
4 |
|
|u http://www.lib.tpu.ru/fulltext/v/Conferences/2011/K06/116061.pdf
|
| 942 |
|
|
|c CF
|